La libido /
Obra de análisis crítico sobre el concepto freudiano de libido. El autor afirma que para entender el papel que desempeñan las pulsiones en la persona, debemos entender tanto las relaciones objetales como la naturaleza misma del humano. Aborda cómo fue incorporada la libido después del concepto de er...
Guardat en:
| Autor principal: | |
|---|---|
| Format: | Llibre |
| Idioma: | espanyol |
| Publicat: |
Buenos Aires, Argentina :
Longseller,
2003, c2003
|
| Col·lecció: | (Ideas en Psicoanálisis ;
16) |
| Matèries: | |
| Etiquetes: |
Sense etiquetes, Sigues el primer a etiquetar aquest registre!
|
MARC
| LEADER | 00000nam^a2200000^a^4500 | ||
|---|---|---|---|
| 001 | 000172454 | ||
| 005 | 20250521000000.0 | ||
| 009 | 20260310101419.254 | ||
| 020 | |a 987-550-138-7 | ||
| 037 | |a Acervo ITESO - Biblioteca | ||
| 041 | |a ESP | ||
| 082 | |a 150. 1952 |b KEN | ||
| 100 | |a Kennedy, Roger |e (autor) | ||
| 245 | 1 | 3 | |a La libido / |c R. Kennedy ; tr. por Leandro Wolfson. |
| 264 | 4 | |a Buenos Aires, Argentina : |b Longseller, |c 2003, c2003 | |
| 300 | |a 95 p. | ||
| 336 | |a texto |b txt |2 rdacontenido | ||
| 337 | |a sin mediación |b n |2 rdamedio | ||
| 338 | |a volumen |b nc |2 rdasoporte | ||
| 440 | 1 | |a (Ideas en Psicoanálisis ; |v 16) | |
| 520 | |a Obra de análisis crítico sobre el concepto freudiano de libido. El autor afirma que para entender el papel que desempeñan las pulsiones en la persona, debemos entender tanto las relaciones objetales como la naturaleza misma del humano. Aborda cómo fue incorporada la libido después del concepto de eros, a partir del pensamiento y la filosofía antiguos y qué cambios experimentó la teoría de Freud a medida que éste dejó de interesasrse por la vida sexual de sus pacientes y se dedicó a indagar el papel de la vida y la muerte en la condición humana. | ||
| 649 | |a XX | ||
| 650 | |a Libido | ||
| 650 | |a Eros | ||
| 650 | |a Pulsiones | ||
| 650 | |a Relación de Objeto | ||
| 650 | |a Comunicación Personal | ||
| 650 | |a Sexualidad | ||
| 650 | |a Psicoanálisis Freudiano - |x Teoría | ||
| 650 | |a Psicoanálisis | ||
| 650 | |a Psicología | ||
| 910 | |a Fondo General | ||
| 920 | |a Impresos - Libros | ||
| 930 | |a Colección General | ||
| 905 | |a 101 | ||
| 901 | |a 0500110254 |b IT1 |c ACC |u 20250521 | ||
| 902 | |a https://opac.biblio.iteso.mx/vufind/Record/000172454 | ||